000 00540nmm a2200169Ia 4500
008 251105s9999||||xx |||||||||||||||||und||
020 _a8470308564
041 _aspa
100 _aGarcía Caneiro, José
245 0 _aLa racionalidad de la guerra :
_b Borrador para una crítica de la razón bélica
264 _a[Madrid, España] :
_bBiblioteca Nueva,
_c2000
300 _a168 páginas
490 _aEnsayo Pensamiento
650 _aSocial Sciences (General)
856 _uhttps://public.digitaliapublishing.com/a/4724
942 _cCF
999 _c73208
_d73208